LEADER 01181nam a2200277 u 4500 001 000000070884 003 CaOOAMICUS 005 20070226122053.0 008 020516s1948 it u000 u ita u 035 $a10930114 040 $aPUL(R)$bita 100 1 $aAllevi, Luigi.$0(OLS)http://pul/name/8655 245 10$aReligione e religioni :$bintroduzione alla storia delle religioni /$cLuigi Allevi. 250 $a2. ed. riveduta e ampliata. 260 $aTorino :$bMarietti,$c1948. 300 $a167 p. ;$c21 cm 504 $aBibliografia in nota. 650 4$aStoria delle religioni.$0(OLS)http://pul/subject/9425 850 $aPUL 852 $aPUL$W1$xDP1 Cons. Gen., Altre Classi 1$y22$m780 A 4$j91714$nBK-PRI$b $qStampati$B91714$CPULBib$Z2$F91714 $H $81 852 $aPUL$W1$xDP1 Fondo Cecchetti$y53$m277 D 9$j91715$nBK-PRI$b $qFondi$B91715$CPULBib$Z2$F91715 $HPUL7743 $81 941 1 $a1 941 1 $a8 961 $aINV: 38703 996 $6245$aReligione e religioni :$bintroduzione alla storia delle religioni$9(OLS)http://pul/title/93372 996 $6260$aTorino :$bMarietti$9(OLS)http://pul/publisher/48186 LEADER 01401nam a2200337 a 4500 001 000000146176 003 CaOOAMICUS 005 20151001142344.0 008 151001s2014 enk u000 u eng r 020 $a978-0-415-67131-6 040 $aPUL$bita 082 04$a102 100 1 $aNewey, Glen.$0(OLS)http://pul/name/93547 245 14$aThe Routledge guidebook to Hobbes' Leviathan /$cGlen Newey. 246 30$aGuidebook to Hobbes' Leviathan 260 $aLondon ;$aNew York :$bRoutledge,$cİ2014. 300 $ax, 375 p. ;$c20 cm 490 1 $aRoutledge guides to the great books 500 $aInclude indici. 504 $aBibliografia p. [339]-353. 600 14$aHobbes, Thomas,$d1588-1679$tLeviathan.$0(OLS)http://pul/subject/33703 830 0$aRoutledge guides to the great books.$0(OLS)http://pul/title/171398 850 $aPUL 852 $aPUL$W1$xSL Filosofia 3$y81$m102 COLL 1.9$j169054$qDDC 21$B169838$CPULBib$Z2$F169838 $H126323 $81 941 1 $a9 996 $6020$a978-0-415-67131-6$9(OLS)http://pul/number/158755 996 $6082$a102$9(OLS)http://pul/classification/2563 996 $6246$aGuidebook to Hobbes' Leviathan$9(OLS)http://pul/title/184802 996 $6245$aThe Routledge guidebook to Hobbes' Leviathan$9(OLS)http://pul/title/184801 996 $6260$aLondon ;$aNew York :$bRoutledge$9(OLS)http://pul/publisher/52469